书目信息 |
| 题名: |
家装电工400问
|
|
| 作者: | 杨晓丰 主编 ;施芳雅 , 王雪亮 副主编 | |
| 分册: | ||
| 出版信息: | 北京 化学工业出版社 2016.8 |
|
| 页数: | 335页 | |
| 开本: | 21cm | |
| 丛书名: | ||
| 单 册: | ||
| 中图分类: | TU85 | |
| 科图分类: | ||
| 主题词: | 住宅--室内装修--电工--问题解答 | |
| 电子资源: | ||
| ISBN: | 978-7-122-26330-8 | |
| 000 | 01042nam0 2200265 450 | |
| 001 | 0400004470 | |
| 005 | 20171024093254.0 | |
| 010 | @a978-7-122-26330-8@dCNY39.00 | |
| 100 | @a20160923d2016 em y0chiy50 ea | |
| 101 | 0 | @achi |
| 102 | @aCN@b110000 | |
| 105 | @aa z 000yy | |
| 106 | @ar | |
| 200 | 1 | @a家装电工400问@9jia zhuang dian gong 400 wen@f杨晓丰主编@g施芳雅,王雪亮副主编 |
| 210 | @a北京@c化学工业出版社@d2016.8 | |
| 215 | @a335页@c图@d21cm | |
| 307 | @a实际页数为:336 | |
| 330 | @a本书以家装电工在实际操作中经常遇到的问题为主,以问答形式对家装电工应掌握的基本知识和操作技能进行了全面的讲解。主要介绍了家装电工常用工具仪表与材料、家装电工识图、配电与保护技术、线路敷设与安装操作、室内电气装置及弱电系统的安装、安全用电等家装电工常见问题和解决办法。 | |
| 606 | 0 | @a住宅@x室内装修@x电工@j问题解答 |
| 690 | @aTU85@v5 | |
| 701 | 0 | @a杨晓丰@9yang xiao feng@4主编 |
| 702 | 0 | @a施芳雅@9shi fang ya@4副主编 |
| 702 | 0 | @a王雪亮@9wang xue liang@4副主编 |
| 801 | 0 | @aCN@b91MARC@c20171024 |
| 905 | @b1034826-30@dTU85@f5@e1214 | |
| 家装电工400问/杨晓丰主编/施芳雅,王雪亮副主编.-北京:化学工业出版社,2016.8 |
| 335页:图;21cm |
| ISBN 978-7-122-26330-8:CNY39.00 |
| 本书以家装电工在实际操作中经常遇到的问题为主,以问答形式对家装电工应掌握的基本知识和操作技能进行了全面的讲解。主要介绍了家装电工常用工具仪表与材料、家装电工识图、配电与保护技术、线路敷设与安装操作、室内电气装置及弱电系统的安装、安全用电等家装电工常见问题和解决办法。 |
| ● |
| 相关链接 |
|
|
|
|
正题名:家装电工400问
索取号:TU85/1214
 
预约/预借
| 序号 | 登录号 | 条形码 | 馆藏地/架位号 | 状态 | 备注 |
| 1 | 1034826 | 210348266 | 第二样本阅览室/ [索取号:TU85/1214] | 在馆 | |
| 2 | 1034827 | 210348275 | 密集书库-生命科学系/ [索取号:TU85/1214] | 在馆 | |
| 3 | 1034828 | 210348284 | 第三借阅区/ [索取号:TU85/1214] | 在馆 | |
| 4 | 1034829 | 210348293 | 第三借阅区/ [索取号:TU85/1214] | 在馆 | |
| 5 | 1034830 | 210348300 | 第三借阅区/ [索取号:TU85/1214] | 在馆 |